<?xml version="1.0" encoding="UTF-8"?>
<record
    xmlns:xsi="http://www.w3.org/2001/XMLSchema-instance"
    xsi:schemaLocation="http://www.loc.gov/MARC21/slim http://www.loc.gov/standards/marcxml/schema/MARC21slim.xsd"
    xmlns="http://www.loc.gov/MARC21/slim">

  <leader>00809nas a2200253 i 4500</leader>
  <controlfield tag="001">2303</controlfield>
  <controlfield tag="003">ES-MaACL</controlfield>
  <controlfield tag="005">20250718150801.0</controlfield>
  <controlfield tag="008">950801d1788    xxkd|         |  1 ||ng d</controlfield>
  <datafield tag="022" ind1=" " ind2=" ">
    <subfield code="a">0140-0460</subfield>
  </datafield>
  <datafield tag="080" ind1=" " ind2=" ">
    <subfield code="a">(054)</subfield>
  </datafield>
  <datafield tag="245" ind1="0" ind2="4">
    <subfield code="a">The Times.</subfield>
  </datafield>
  <datafield tag="260" ind1=" " ind2=" ">
    <subfield code="a">London : </subfield>
    <subfield code="b">The Times Publishing Company, </subfield>
    <subfield code="c">[1788]-</subfield>
  </datafield>
  <datafield tag="300" ind1=" " ind2=" ">
    <subfield code="a">438 v. ; </subfield>
    <subfield code="c">62 cm.</subfield>
  </datafield>
  <datafield tag="310" ind1=" " ind2=" ">
    <subfield code="a">Diaria, excepto domingos</subfield>
  </datafield>
  <datafield tag="362" ind1="1" ind2=" ">
    <subfield code="a">Comenz&#xF3; con n. 1023 (mar. 18, 1788) -</subfield>
  </datafield>
  <datafield tag="500" ind1=" " ind2=" ">
    <subfield code="a">Fecha de publicaci&#xF3;n tomada de : Gran Enciclopedia Larousse, t. 10.</subfield>
  </datafield>
  <datafield tag="580" ind1=" " ind2=" ">
    <subfield code="a">Numerosos suplementos.</subfield>
  </datafield>
  <datafield tag="650" ind1="1" ind2="4">
    <subfield code="a">Peri&#xF3;dicos</subfield>
    <subfield code="9">15941</subfield>
  </datafield>
  <datafield tag="852" ind1=" " ind2=" ">
    <subfield code="a">ES-MaACL</subfield>
    <subfield code="j">HEM-GF-40</subfield>
    <subfield code="9">2343 </subfield>
    <subfield code="z">Expurgado: 22-1-2025</subfield>
  </datafield>
  <datafield tag="866" ind1=" " ind2="0">
    <subfield code="o">1957-71,1975-76(1977)(1978f.feb-mar.y dic.),1980-2007(2008).</subfield>
  </datafield>
  <datafield tag="942" ind1=" " ind2=" ">
    <subfield code="2">udc</subfield>
    <subfield code="c">PERIODICO</subfield>
  </datafield>
  <datafield tag="999" ind1=" " ind2=" ">
    <subfield code="c">2303</subfield>
    <subfield code="d">2303</subfield>
  </datafield>
</record>
